Największe Wyspy świata - Statystyki

Ogólne statystyki
  • Ten quiz został rozwiązany 33 razy
  • Średni wynik to 3 z 6
Statystyki odpowiedzi
Kontynent Wyspa % Poprawnych
Ameryka Północna Grenlandia
88%
Afryka Madagaskar
88%
Azja Borneo
42%
Australia i Oceania Nowa Gwinea
38%
Ameryka Północna Ziemia Baffina
23%
Australia i Oceania Sumatra
19%
Nie znaleziono quizów pasujących do podanych kryteriów
Rozkład punktacji
Procent ludzi z każdym wynikiem
Percentyl według liczby udzielonych odpowiedzi
Twoja historia wyników
Nie rozwiązałeś tego quizu